000 00717ntaaa2200241 4500
003 01
005 20251027203157.0
008 0714s1973 ag 01
020 _a8481690341
040 _aAR-BaBN
_bspa
_cAR-BaBN
_eaacr
_dRIC
082 _a233 P26a
100 _aPastor Ramos, Federico
245 _aAntropologia Biblica /
_cFederico Pastor Ramos,
250 _a1 ed.
260 _aEstella :
_bVerbo Divino,
_c1955
300 _a320 p ;
_c20 cm
500 _aContiene notas y referencias bibliograficas. Indices: p 299-320
650 _aANTROPOLOGIA TEOLOGICA
_91908
650 _aHOMBRE - TEOLOGIA
_91818
650 _aECOLOGIA - TEOLOGIA
_933292
650 _aHOMBRE - ENSENANZA BIBLICA
_933293
942 _cBK
999 _c27240
_d27240